Narrative of the Texan Santa Fe expedition : comprising a description of a tour through Texas and across the great southwestern prairies, the Camanche and Caygua hunting-grounds, with an account of the sufferings from want of food, losses from hostile Indians, and final capture of the Texans, and their march, as prisoners, to the city of Mexico /

Bibliographic Details
Main Author: Kendall, Geo. Wilkins (George Wilkins), 1809-1867
Format: Book
Language:English
Published: New York : Harper, 1844.
Subjects:

MARC

Tag First Indicator Second Indicator Subfields
LEADER 00000cam a22000005 4500
001 in00000659713
005 20151015092118.0
008 790115r19751844miubf b 00010 eng u
035 |a (OCoLC)04552767 
035 |9 ACY6382AM 
040 |c IQW  |d TXA  |d UtOrBLW 
049 |a TXAI 
090 |a F390  |b .K32 
099 |a fiche  |a C  |a 2467 
100 1 |a Kendall, Geo. Wilkins  |q (George Wilkins),  |d 1809-1867. 
245 1 0 |a Narrative of the Texan Santa Fe expedition :  |b comprising a description of a tour through Texas and across the great southwestern prairies, the Camanche and Caygua hunting-grounds, with an account of the sufferings from want of food, losses from hostile Indians, and final capture of the Texans, and their march, as prisoners, to the city of Mexico /  |c By Geo. Wilkins Kendall. 
264 1 |a New York :  |b Harper,  |c 1844. 
300 |a 2 volumes :  |b plates, folded map. 
336 |a text  |b txt  |2 rdacontent 
337 |a microform  |b h  |2 rdamedia 
338 |a microfiche  |b he  |2 rdacarrier 
500 |a Microfiche. Ann Arbor, Mich., Xerox University Microfilms, 1975. 10 sheets. 10.5 x 14.8 cm. 
500 |a (Western Americana 06015) 
500 |a Microform. 
650 0 |a Texan Santa Fé Expedition, 1841. 
651 0 |a Texas  |x Description and travel. 
651 0 |a New Mexico  |x Description and travel. 
651 0 |a Mexico  |x Description and travel. 
999 |a MARS 
999 f f |s 88fe0986-ed60-3c8c-8179-ed4a902d8f72  |i f6b6453e-d124-325d-aa80-b508554a5446  |t 0 
952 f f |p normal  |a Texas A&M University  |b College Station  |c Sterling C. Evans Library  |d Evans: Microforms (3rd floor)  |t 0  |e fiche C 2467  |h Other scheme  |i microform -- microfiche  |k v.1  |m A14820800710 
952 f f |p normal  |a Texas A&M University  |b College Station  |c Sterling C. Evans Library  |d Evans: Microforms (3rd floor)  |t 0  |e fiche C 2467  |h Other scheme  |i microform -- microfiche  |k v.2  |m A14820800663 
998 f f |a fiche C 2467  |s v.1-v.2  |t 0  |l Evans: Microforms (3rd floor)